[Event "C.to Provinciale MB"]
[Site "Ceriano Laghetto ITA"]
[Date "2015.01.20"]
[Round "1"]
[White "Marcantognini, Denis"]
[Black "Regorda, Vittorio"]
[WhiteElo "1556"]
[BlackElo "1791"]
[Result "0-1"]
[PlyCount "102"]
[EventDate "2015.01.20"]

1. e4 e6 2. Nf3 d5 3. exd5 exd5 4. d4 Bg4 5. Be2 Bd6 6. h3 Bh5 7. O-O Ne7 8.
Bg5 f6 9. Bd2 O-O 10. c4 c6 11. Nc3 Bf7 12. Qb3 Qb6 13. Qxb6 axb6 14. cxd5 Nxd5
15. Rfe1 b5 16. Ne4 Bc7 17. a3 Nd7 18. Nh2 Bg6 19. Nc3 N7b6 20. Ng4 Nxc3 21.
Bxc3 Rfd8 22. Ne3 Na4 23. Rac1 Nxc3 24. bxc3 Rxa3 25. d5 Bf4 26. dxc6 Bxe3 27.
fxe3 bxc6 28. Bf3 Be8 29. Be2 c5 30. Rf1 Ra2 31. Bg4 Rdd2 32. Be6+ Bf7 33. Bxa2
Bxa2 34. Rf5 Bd5 35. Rf2 Rd3 36. Re2 Bc4 37. Ree1 Kf7 38. Kf2 Rd2+ 39. Kf3 Ke6
40. g3 Ke5 41. h4 f5 42. g4 Bd5+ 43. e4 Bxe4+ 44. Ke3 Rd3+ 45. Kf2 Rf3+ 46. Ke2
fxg4 47. Rg1 h5 48. Rcd1 c4 49. Rd7 Bd3+ 50. Kd2 Rf2+ 51. Ke3 Re2# 0-1

[Event "C.to Provinciale MB"]
[Site "Ceriano Laghetto ITA"]
[Date "2015.01.20"]
[Round "1"]
[White "Modica, Antonino"]
[Black "Pino, Nicola"]
[WhiteElo "1464"]
[BlackElo "1707"]
[Result "0-1"]
[PlyCount "62"]
[EventDate "2015.01.20"]

1. f4 d5 2. Nf3 Nc6 3. e3 Bg4 4. Bb5 Qd6 5. O-O e6 6. d4 Nf6 7. Nbd2 Ne4 8. Qe1
Be7 9. Bxc6+ Qxc6 10. Ne5 Qxc2 11. Nxg4 Bb4 12. a3 Bxd2 13. Bxd2 Qxd2 14. Qxd2
Nxd2 15. Rf2 Ne4 16. Rc2 c6 17. b4 a6 18. a4 f6 19. Nf2 Nxf2 20. Rxf2 Kd7 21.
f5 exf5 22. Rxf5 Rhe8 23. Re1 Re4 24. Rf4 Re6 25. Rg4 g5 26. e4 dxe4 27. Rgxe4
Rae8 28. Rxe6 Rxe6 29. Rxe6 Kxe6 30. Kf2 Kd5 31. Ke3 Kc4 0-1

[Event "C.to Provinciale MB"]
[Site "Ceriano Laghetto ITA"]
[Date "2015.01.20"]
[Round "1"]
[White "Stagno, Roberto"]
[Black "Monticelli, Francesco"]
[WhiteElo "1503"]
[BlackElo "1715"]
[Result "1/2-1/2"]
[PlyCount "87"]
[EventDate "2015.01.20"]

1. e4 c6 2. d4 d5 3. e5 Bf5 4. Bd3 Bxd3 5. Qxd3 e6 6. Nf3 Nd7 7. Bg5 Qb6 8. b3
c5 9. c3 cxd4 10. cxd4 Bb4+ 11. Bd2 Rc8 12. O-O Ne7 13. Nc3 O-O 14. Na4 Qa5 15.
Bxb4 Qxb4 16. Rfc1 Qa3 17. Nc3 a6 18. Ne1 Ng6 19. g3 Qe7 20. Nf3 f6 21. exf6
Qxf6 22. Kg2 Rf7 23. Nd1 Rcf8 24. Rc3 e5 25. dxe5 Ndxe5 26. Nxe5 Qxe5 27. Qe3
Qd6 28. Qc5 Qe6 29. Re3 Qf6 30. Rc1 Qg5 31. Kf1 Qf5 32. Rcc3 Qh3+ 33. Ke1 Qg2
34. Re2 Qxh2 35. Qxd5 Kh8 36. Rce3 h6 37. Re8 Rxe8 38. Rxe8+ Rf8 39. Rxf8+ Nxf8
40. Qf7 Ng6 41. Qxg6 Qh1+ 42. Ke2 Qd5 43. Qd3 Qh5+ 44. Qf3 {...} 1/2-1/2

[Event "C.to Provinciale MB"]
[Site "Ceriano Laghetto ITA"]
[Date "2015.01.20"]
[Round "1"]
[White "Viale, Fabio"]
[Black "Dalla Libera, Sergio"]
[WhiteElo "1825"]
[BlackElo "1589"]
[Result "1-0"]
[PlyCount "25"]
[EventDate "2015.01.20"]

1. d4 d5 2. c4 dxc4 3. e4 e5 4. Nf3 exd4 5. Bxc4 Nc6 6. O-O Bc5 7. Qc2 Qe7 8.
Bf4 Bd6 9. Bxd6 Qxd6 10. e5 Qe7 11. Na3 a6 12. Rad1 Be6 13. Bxe6 1-0

[Event "C.to Provinciale MB"]
[Site "Ceriano Laghetto ITA"]
[Date "2015.01.20"]
[Round "1"]
[White "Visigalli, Cesare"]
[Black "Sala, Pierluigi"]
[WhiteElo "1743"]
[BlackElo "1527"]
[Result "1-0"]
[PlyCount "57"]
[EventDate "2015.01.20"]

1. Nf3 Nf6 2. b3 d6 3. Bb2 e5 4. d3 Be7 5. g3 O-O 6. Bg2 Nbd7 7. O-O b6 8. Nxe5
Nxe5 9. Bxa8 Bh3 10. Bg2 Bxg2 11. Kxg2 Nc6 12. e4 Qd7 13. h3 Re8 14. f4 h6 15.
Nd2 Nh7 16. Nf3 a5 17. f5 f6 18. Nh4 Bf8 19. Ng6 Ng5 20. Nf4 Ne7 21. Qg4 Qc6
22. Bxf6 gxf6 23. h4 Nxf5 24. Qxf5 Nh7 25. Qd5+ Qxd5 26. Nxd5 Bg7 27. Rf5 Kf7
28. Raf1 Rf8 29. c4 1-0

[Event "C.to Provinciale MB"]
[Site "Ceriano Laghetto ITA"]
[Date "2015.01.27"]
[Round "2"]
[White "Brisotto, Stefano"]
[Black "Ronconi, Fausto"]
[WhiteElo "1472"]
[BlackElo "1679"]
[Result "0-1"]
[PlyCount "114"]
[EventDate "2015.01.20"]

1. e4 e6 2. d4 d5 3. e5 c5 4. c3 Nc6 5. Nf3 Bd7 6. Be2 cxd4 7. cxd4 Bb4+ 8. Nc3
Nge7 9. Bg5 Qa5 10. Bd2 Nf5 11. a3 Nfxd4 12. Nxd4 Nxd4 13. O-O Nxe2+ 14. Qxe2
Be7 15. b4 Qb6 16. Rfc1 O-O 17. Qg4 Rfc8 18. Bh6 g6 19. Be3 Qd8 20. Ne2 Rxc1+
21. Rxc1 Rc8 22. Nd4 Rxc1+ 23. Bxc1 Qc7 24. Qf4 Qc3 25. Qe3 Qxe3 26. Bxe3 a6
27. Kf1 a5 28. bxa5 Bxa3 29. Bd2 Bb2 30. Nf3 Bc6 31. Be3 Bc3 32. Bd2 d4 33.
Bxc3 dxc3 34. Nd4 Be4 35. Ke2 Bxg2 36. Kd3 Kf8 37. Kxc3 Ke7 38. Kb4 Bf1 39. Kc5
Kd7 40. Kb6 Ba6 41. Nb5 Bxb5 42. Kxb5 Kc7 43. Kc5 g5 44. h3 h6 45. f3 Kd7 46.
Kb6 Kc8 47. Kb5 Kb8 48. Kb6 Ka8 49. Kc5 Ka7 50. Kb5 h5 51. Kb4 Ka6 52. Ka4 b6
53. axb6 Kxb6 54. Kb4 Kc6 55. Kc4 Kd7 56. Kd4 Ke7 57. Ke4 f5+ 0-1

[Event "C.to Provinciale MB"]
[Site "Ceriano Laghetto ITA"]
[Date "2015.01.27"]
[Round "2"]
[White "Dalla Libera, Sergio"]
[Black "Modica, Antonino"]
[WhiteElo "1589"]
[BlackElo "1464"]
[Result "1/2-1/2"]
[PlyCount "88"]
[EventDate "2015.01.20"]

1. e4 e5 2. Bc4 Nf6 3. Nf3 Nc6 4. Nc3 d6 5. O-O Bg4 6. Be2 Bxf3 7. Bxf3 Nd4 8.
Re1 Nxf3+ 9. Qxf3 c6 10. Ne2 Be7 11. d4 O-O 12. dxe5 dxe5 13. Bg5 Qc7 14. Ng3
Ne8 15. Bxe7 Qxe7 16. Nf5 Qf6 17. Qa3 g6 18. Qg3 Kh8 19. Ne3 Qg7 20. Nc4 f6 21.
Rad1 Nc7 22. Rd2 Ne6 23. Red1 Nf4 24. Qe3 Ne6 25. Rd7 Rf7 26. R7d6 Nd4 27. c3
Nb5 28. R6d3 Qf8 29. a4 Nc7 30. Nd6 Rd7 31. Nc4 Rxd3 32. Qxd3 Na6 33. b4 c5 34.
b5 Nc7 35. Qd7 Qg8 36. Nd6 Qb3 37. Nf7+ Kg8 38. Nh6+ Kh8 39. Ng4 Rf8 40. Ne3
Qf7 41. c4 Ne6 42. Qxf7 Rxf7 43. Rd6 Nd4 44. Ng4 Kg7 1/2-1/2

[Event "C.to Provinciale MB"]
[Site "Ceriano Laghetto ITA"]
[Date "2015.01.27"]
[Round "2"]
[White "De Maio, Domenico"]
[Black "Visigalli, Cesare"]
[WhiteElo "1671"]
[BlackElo "1743"]
[Result "1-0"]
[PlyCount "75"]
[EventDate "2015.01.20"]

1. d4 d6 2. Bf4 g6 3. Nf3 Bg7 4. e3 Nf6 5. h3 c5 6. c3 Qb6 7. Qb3 Qxb3 8. axb3
Nc6 9. Bb5 Bd7 10. Nbd2 cxd4 11. exd4 O-O 12. O-O a6 13. Bd3 Rfe8 14. Rfe1 Rac8
15. b4 Nd5 16. Bg3 Nf6 17. b5 axb5 18. Bxb5 Nb8 19. Bxd7 Nbxd7 20. Ra7 b6 21.
Bh4 e5 22. Bxf6 Nxf6 23. dxe5 dxe5 24. Rxe5 Rxe5 25. Nxe5 Nd5 26. Nxf7 Nxc3 27.
bxc3 Rxc3 28. Nf3 b5 29. Nd6 Rc1+ 30. Kh2 b4 31. Rb7 Bc3 32. Ne4 Rc2 33. Nxc3
bxc3 34. Kg3 h5 35. h4 Ra2 36. Rc7 c2 37. Nd4 Ra3+ 38. f3 1-0

[Event "C.to Provinciale MB"]
[Site "Ceriano Laghetto ITA"]
[Date "2015.01.27"]
[Round "2"]
[White "Lapiccirella, Daniele"]
[Black "Frigerio, Roberto"]
[WhiteElo "2228"]
[BlackElo "1703"]
[Result "1-0"]
[PlyCount "37"]
[EventDate "2015.01.20"]

1. d4 Nf6 2. c4 g6 3. Nc3 Bg7 4. e4 d6 5. f3 O-O 6. Be3 e6 7. Qd2 Re8 8. Nge2
Nbd7 9. O-O-O c5 10. dxc5 dxc5 11. e5 Nh5 12. g4 Bxe5 13. gxh5 Qa5 14. hxg6
fxg6 15. h4 Bxc3 16. Nxc3 Ne5 17. h5 Qc7 18. hxg6 Nxg6 19. Bd3 1-0

[Event "C.to Provinciale MB"]
[Site "Ceriano Laghetto ITA"]
[Date "2015.01.27"]
[Round "2"]
[White "Monticelli, Francesco"]
[Black "Cervini, Gian Piero"]
[WhiteElo "1715"]
[BlackElo "1782"]
[Result "1/2-1/2"]
[PlyCount "86"]
[EventDate "2015.01.20"]

1. e4 g6 2. Nf3 Bg7 3. d4 d6 4. h3 Nf6 5. Nc3 O-O 6. Bc4 c6 7. O-O b5 8. Bd3 a5
9. a3 Na6 10. Ne2 Bb7 11. Ng3 b4 12. b3 c5 13. a4 cxd4 14. Nxd4 Nc5 15. Bb2
Nfxe4 16. Nxe4 Bxe4 17. Re1 Bb7 18. Rb1 Qc7 19. Bf1 Rfe8 20. Nb5 Qd7 21. Bxg7
Kxg7 22. Qd4+ Kg8 23. Rbd1 Rac8 24. Na7 Ne6 25. Qb6 Qc7 26. Nxc8 Rxc8 27. Qxc7
Rxc7 28. Bc4 Nf4 29. Bf1 Kf8 30. g3 Nd5 31. Rd2 Nc3 32. Bg2 d5 33. f4 h5 34. g4
hxg4 35. hxg4 e6 36. Bf3 Kg7 37. Kg2 Bc6 38. Kg3 Re7 39. Rh2 Rc7 40. Rd2 Bb7
41. Bg2 Ba6 42. Bf3 Bb7 43. Bg2 Ba6 1/2-1/2

[Event "C.to Provinciale MB"]
[Site "Ceriano Laghetto ITA"]
[Date "2015.01.27"]
[Round "2"]
[White "Origgio, Stefano"]
[Black "Viale, Fabio"]
[WhiteElo "1693"]
[BlackElo "1825"]
[Result "0-1"]
[PlyCount "90"]
[EventDate "2015.01.20"]

1. Nf3 Nf6 2. c4 b6 3. g3 Bb7 4. Bg2 e5 5. d3 Be7 6. Nc3 O-O 7. O-O d6 8. b4
Nc6 9. a3 Nd4 10. Nxd4 Bxg2 11. Kxg2 exd4 12. Nd5 Nxd5 13. cxd5 Qd7 14. Qc2
Rfc8 15. Qc6 Qg4 16. f3 Qh5 17. Qc4 Qe5 18. Ra2 a5 19. b5 a4 20. f4 Qf6 21. Bb2
Qf5 22. Bxd4 h5 23. e4 Qg6 24. Rf3 h4 25. f5 Qh6 26. h3 Kh7 27. Be3 Bg5 28.
Bxg5 Qxg5 29. g4 Ra5 30. Rb2 Kh6 31. d4 Qe7 32. Re3 Re8 33. Kf3 Qf6 34. Rg2 g5
35. Rge2 Qd8 36. e5 Qd7 37. Rb2 Re7 38. f6 Re8 39. Qd3 dxe5 40. dxe5 Rd8 41.
Ke4 Qe8 42. Qc4 Rd6 43. Qxc7 Rxf6 44. Kd4 Rf4+ 45. Kd3 Rxb5 {...} 0-1

[Event "C.to Provinciale MB"]
[Site "Ceriano Laghetto ITA"]
[Date "2015.01.27"]
[Round "2"]
[White "Regorda, Vittorio"]
[Black "Cavalieri, Riccardo"]
[WhiteElo "1791"]
[BlackElo "1652"]
[Result "0-1"]
[PlyCount "80"]
[EventDate "2015.01.20"]

1. d4 Nf6 2. c4 g6 3. Nc3 d5 4. cxd5 Nxd5 5. e4 Nxc3 6. bxc3 Bg7 7. Be3 c5 8.
Nf3 Qa5 9. Qd2 O-O 10. Rc1 cxd4 11. cxd4 Qxd2+ 12. Kxd2 Rd8 13. h3 Nc6 14. d5
e6 15. Bc4 Na5 16. Kd3 Nxc4 17. Kxc4 exd5+ 18. exd5 Bf5 19. Rhd1 Rd6 20. Bc5
Rc8 21. Kb3 Rxd5 22. Rxd5 Be6 23. Kb4 Bxd5 24. a3 Bf8 25. Rc3 b6 26. Bxf8 a5+
27. Kb5 Rxc3 28. Be7 Bxf3 29. gxf3 Rxf3 30. Kxb6 Rxf2 31. Kxa5 f5 32. a4 Kf7
33. Bc5 Rh2 34. Kb5 f4 35. Bd6 Rb2+ 36. Kc4 f3 37. Bg3 f2 38. Bxf2 Rxf2 39. a5
Rh2 40. a6 Rxh3 0-1

[Event "C.to Provinciale MB"]
[Site "Ceriano Laghetto ITA"]
[Date "2015.01.27"]
[Round "2"]
[White "Squillante, Michele"]
[Black "Stagno, Roberto"]
[WhiteElo "1710"]
[BlackElo "1503"]
[Result "1-0"]
[PlyCount "123"]
[EventDate "2015.01.20"]

1. d4 e6 2. Nf3 c5 3. c3 cxd4 4. Nxd4 Bc5 5. Nf3 Qb6 6. e3 d5 7. Be2 Nf6 8. O-O
Bd6 9. Nbd2 Nc6 10. Qb3 Qc7 11. h3 a6 12. Nd4 Bd7 13. Nxc6 Bxc6 14. Nf3 Qd7 15.
Nd4 Ba4 16. Qb6 Qe7 17. Nb3 e5 18. Nd2 Bc5 19. Qa5 Bd7 20. b4 b6 21. Qa3 Bd6
22. Qb2 e4 23. Rd1 Qe5 24. Nf1 Qg5 25. f4 exf3 26. Bxf3 Qf5 27. Qf2 Ne4 28.
Bxe4 Qxe4 29. Rd4 Qe6 30. Bb2 O-O 31. Rad1 Bc6 32. c4 Qh6 33. cxd5 Bb5 34. Rg4
f6 35. Ng3 Bxg3 36. Rxg3 Ra7 37. Bd4 Qh5 38. Qf3 Qxf3 39. Rxf3 Rd7 40. Bxb6 Be2
41. Rd4 Bxf3 42. gxf3 Rb8 43. Bc5 Kf7 44. e4 Re8 45. f4 Kg6 46. Kf2 Kh5 47. Kg3
g5 48. f5 Kh6 49. a3 Kg7 50. Kf3 h5 51. Rd2 Kf7 52. Rg2 Rg8 53. a4 Ke8 54. Bd4
Rdg7 55. Bxf6 g4+ 56. hxg4 Rxg4 57. Rxg4 Rxg4 58. b5 axb5 59. axb5 Rg1 60. Bd4
Rb1 61. b6 Rb3+ 62. Kf4 1-0

[Event "C.to Provinciale MB"]
[Site "Ceriano Laghetto ITA"]
[Date "2015.02.03"]
[Round "3"]
[White "Carugati, Mario"]
[Black "Squillante, Michele"]
[WhiteElo "1389"]
[BlackElo "1710"]
[Result "0-1"]
[PlyCount "80"]
[EventDate "2015.01.20"]

1. e4 c6 2. d4 d5 3. Nc3 dxe4 4. Nxe4 Bf5 5. Ng5 h6 6. N5f3 Nd7 7. c3 e6 8. h3
Ngf6 9. Bf4 Be7 10. Ne5 Nxe5 11. Bxe5 O-O 12. Bd3 Bxd3 13. Qxd3 c5 14. Nf3 Qb6
15. Rb1 Rad8 16. O-O cxd4 17. Bxd4 Qa5 18. Qe3 b6 19. a3 Nd5 20. Qe2 Nf4 21.
Qe4 Nd5 22. Qg4 Nf6 23. Qg3 Qf5 24. Ne5 Ne4 25. Qg4 Qxg4 26. hxg4 Nd2 27. Nc6
Rd7 28. Ne5 Rd5 29. Nc6 Rd7 30. Be5 Rc8 31. Rbd1 Rxc6 32. Rfe1 Rd5 33. Bd4 Nb3
34. Be5 Rxd1 35. Rxd1 Nc5 36. b4 Ne4 37. Rd7 Bf6 38. Bxf6 Nxf6 39. Rxa7 Rxc3
40. a4 Nd5 0-1

[Event "C.to Provinciale MB"]
[Site "Ceriano Laghetto ITA"]
[Date "2015.02.03"]
[Round "3"]
[White "Cavalieri, Riccardo"]
[Black "Lapiccirella, Daniele"]
[WhiteElo "1652"]
[BlackElo "2228"]
[Result "0-1"]
[PlyCount "46"]
[EventDate "2015.01.20"]

1. e4 c5 2. Nf3 e6 3. d4 cxd4 4. Nxd4 Nc6 5. Nc3 Qc7 6. Be2 a6 7. O-O Nf6 8.
Be3 Bb4 9. Na4 O-O 10. Nxc6 bxc6 11. Nb6 Rb8 12. Nxc8 Rfxc8 13. Bxa6 Rf8 14.
Bd4 e5 15. Be3 Nxe4 16. Bd3 Nf6 17. Qf3 d5 18. Qg3 Bd6 19. Bh6 Ne8 20. Bf5 e4
21. Qg4 Kh8 22. Bg5 g6 23. Bd7 f5 0-1

[Event "C.to Provinciale MB"]
[Site "Ceriano Laghetto ITA"]
[Date "2015.02.03"]
[Round "3"]
[White "Cervini, Gian Piero"]
[Black "Modica, Antonino"]
[WhiteElo "1782"]
[BlackElo "1464"]
[Result "1-0"]
[PlyCount "129"]
[EventDate "2015.01.20"]

1. e4 c5 2. c3 e6 3. d4 cxd4 4. cxd4 d6 5. Nf3 Nf6 6. Nc3 a6 7. Bd3 Be7 8. O-O
b5 9. h3 Bb7 10. Be3 O-O 11. Qc2 h6 12. Rad1 Nbd7 13. Nh2 e5 14. d5 Rc8 15. b4
Nh5 16. Qd2 Bg5 17. Bxg5 Qxg5 18. Qxg5 hxg5 19. Ne2 Nf4 20. Nxf4 gxf4 21. g3 g5
22. Nf3 f6 23. gxf4 exf4 24. Nd4 Ne5 25. Nf5 Rc3 26. Nxd6 Nxd3 27. Nxb7 Nxb4
28. d6 Nc6 29. d7 Nd8 30. Nxd8 Rxd8 31. Rd6 Rxh3 32. Rc1 Kf7 33. Rcc6 Ke7 34.
Rxa6 f3 35. Re6+ Kxd7 36. Rad6+ Kc7 37. Rxd8 Kxd8 38. Rxf6 Ke7 39. Rf5 Rh4 40.
Rxb5 Rxe4 41. Rxg5 Ra4 42. Rf5 Ra3 43. Kh2 Ke6 44. Rf8 Rxa2 45. Kg3 Ke7 46.
Rxf3 Ra6 47. Rf4 Rg6+ 48. Rg4 Rf6 49. f3 Ke6 50. Re4+ Kd5 51. Kf2 Rg6 52. Ke3
Rg1 53. Kf4 Rf1 54. Kg4 Rg1+ 55. Kf5 Rf1 56. f4 Rh1 57. Re5+ Kd4 58. Kg6 Rg1+
59. Kf6 Rf1 60. f5 Rf4 61. Ke6 Rh4 62. f6 Rh6 63. Rg5 Rh1 64. f7 Re1+ 65. Kf6
1-0

[Event "C.to Provinciale MB"]
[Site "Ceriano Laghetto ITA"]
[Date "2015.02.03"]
[Round "3"]
[White "Frigerio, Roberto"]
[Black "Sala, Pierluigi"]
[WhiteElo "1703"]
[BlackElo "1527"]
[Result "0-1"]
[PlyCount "86"]
[EventDate "2015.01.20"]

1. e4 c5 2. c3 Nc6 3. Nf3 d6 4. Bb5 Bd7 5. d4 cxd4 6. cxd4 e6 7. O-O a6 8. Bc4
Na5 9. Bd3 Rc8 10. b3 Be7 11. Bd2 Nf6 12. Na3 b5 13. Rc1 O-O 14. b4 Nc6 15. Ng5
e5 16. d5 Nd4 17. Nc2 Nxc2 18. Rxc2 Rxc2 19. Bxc2 g6 20. h3 Nxd5 21. Nxh7 Kxh7
22. exd5 Kg7 23. Qf3 f5 24. Re1 Bf6 25. Qg3 Rh8 26. Qe3 Qc8 27. Bb3 f4 28. Qa7
Be7 29. Bxf4 Kf6 30. Qe3 Qd8 31. Bg5+ Kf7 32. Bxe7 Qxe7 33. f4 Rh5 34. g4 Rh8
35. fxe5 Qxe5 36. Qxe5 dxe5 37. d6+ Kf6 38. Rf1+ Kg5 39. Kh2 Bxg4 40. Bd1 Rxh3+
41. Kg2 Rd3 42. Bxg4 Kxg4 43. Re1 Kf5 0-1

[Event "C.to Provinciale MB"]
[Site "Ceriano Laghetto ITA"]
[Date "2015.02.03"]
[Round "3"]
[White "Lombardi, Raffaele"]
[Black "De Maio, Domenico"]
[WhiteElo "1709"]
[BlackElo "1671"]
[Result "1-0"]
[PlyCount "107"]
[EventDate "2015.01.20"]

1. e4 c5 2. f4 Nc6 3. Nf3 e6 4. Nc3 g6 5. Be2 d5 6. exd5 exd5 7. O-O Bg7 8. Bb5
Nge7 9. Bxc6+ bxc6 10. Qe1 O-O 11. Qh4 Re8 12. d3 Bd7 13. Rb1 Rb8 14. Bd2 Nf5
15. Qxd8 Rbxd8 16. Rfe1 Nd4 17. Nxd4 Bxd4+ 18. Kf1 Bf5 19. Ne2 Bg7 20. Ng3 Bg4
21. b3 h5 22. Rxe8+ Rxe8 23. Re1 Kf8 24. Be3 d4 25. Bd2 Rd8 26. Ba5 Rd5 27. Bc7
Bh6 28. Ne4 Rd7 29. Bd6+ Kg7 30. Be5+ Kf8 31. Nxc5 Rd5 32. Ne4 Bg7 33. Bb8 a6
34. Nd6 Be6 35. Ne4 Ke7 36. Ba7 Ke8 37. Nc5 Ke7 38. Ne4 Kd7 39. a4 Ke7 40. Bc5+
Kd7 41. Ba3 Kc7 42. g3 Bh6 43. Kf2 h4 44. Nc5 hxg3+ 45. hxg3 Rh5 46. Nxe6+ fxe6
47. Rxe6 Rh2+ 48. Kf3 g5 49. f5 Kb6 50. f6 Rxc2 51. f7 Rc3 52. Rxh6 Rxd3+ 53.
Kg4 Rxb3 54. f8=Q 1-0

[Event "C.to Provinciale MB"]
[Site "Ceriano Laghetto ITA"]
[Date "2015.02.03"]
[Round "3"]
[White "Marcantognini, Denis"]
[Black "Dalla Libera, Sergio"]
[WhiteElo "1556"]
[BlackElo "1589"]
[Result "0-1"]
[PlyCount "96"]
[EventDate "2015.01.20"]

1. e4 e5 2. Nf3 Nc6 3. Bb5 a6 4. Bxc6 dxc6 5. O-O Bg4 6. h3 Bh5 7. g4 Bg6 8.
Nxe5 Qd4 9. Nxg6 hxg6 10. Qf3 O-O-O 11. d3 Bd6 12. Kg2 Qe5 13. Rh1 Ne7 14. Nd2
b5 15. Nb3 f5 16. g5 Rdf8 17. d4 Qxe4 18. Qxe4 fxe4 19. Re1 Rf3 20. Rh1 Nf5 21.
Bd2 Nh4+ 22. Kg1 Rhf8 23. Rf1 Nf5 24. Kg2 Nh4+ 25. Kg1 Bf4 26. Bxf4 R3xf4 27.
Nd2 R8f5 28. Rh2 Rxg5+ 29. Kh1 Rgf5 30. Kg1 Nf3+ 31. Nxf3 exf3 32. Rd1 Rd5 33.
c3 c5 34. h4 cxd4 35. Rh3 d3 36. Rd2 c5 37. Rg3 Rd6 38. Kf1 c4 39. Ke1 Re6+ 40.
Kd1 Rxh4 41. Rg1 g5 42. Kc1 Reh6 43. Rdd1 Re6 44. Rxg5 Re2 45. Rxg7 Rh2 46.
Rg8+ Kb7 47. Rg7+ Kc6 48. Rgg1 Rhxf2 0-1

[Event "C.to Provinciale MB"]
[Site "Ceriano Laghetto ITA"]
[Date "2015.02.03"]
[Round "3"]
[White "Ronconi, Fausto"]
[Black "Regorda, Vittorio"]
[WhiteElo "1679"]
[BlackElo "1791"]
[Result "1-0"]
[PlyCount "71"]
[EventDate "2015.01.20"]

1. d4 Nf6 2. c4 g6 3. Nc3 d5 4. Bg5 dxc4 5. e3 Bg7 6. Bxc4 O-O 7. Nf3 c6 8. O-O
b5 9. Be2 Bb7 10. Rc1 Nbd7 11. a3 a6 12. Nd2 h6 13. Bxf6 Nxf6 14. Nce4 Qb6 15.
Nxf6+ Bxf6 16. Ne4 Bg7 17. Nc5 Rfd8 18. Bf3 Rac8 19. Nxb7 Qxb7 20. Qc2 Rc7 21.
d5 Qb6 22. dxc6 Rdc8 23. Rfd1 Kh7 24. b4 Bf6 25. Qc5 Qxc5 26. Rxc5 e6 27. Rd7
Kg7 28. Rxc7 Rxc7 29. Rc2 Kf8 30. a4 bxa4 31. Ra2 Be7 32. Rxa4 Ra7 33. b5 Bd8
34. Rxa6 Re7 35. b6 Kg7 36. Ra7 1-0

[Event "C.to Provinciale MB"]
[Site "Ceriano Laghetto ITA"]
[Date "2015.02.03"]
[Round "3"]
[White "Viale, Fabio"]
[Black "Pino, Nicola"]
[WhiteElo "1825"]
[BlackElo "1707"]
[Result "1-0"]
[PlyCount "71"]
[EventDate "2015.01.20"]

1. d4 d5 2. c4 c6 3. Nf3 e6 4. Qc2 Nf6 5. Bg5 Qa5+ 6. Bd2 Bb4 7. a3 Bxd2+ 8.
Nbxd2 Nbd7 9. b4 Qc7 10. e3 a5 11. Qb2 O-O 12. Bd3 b6 13. O-O axb4 14. axb4 Bb7
15. c5 b5 16. Ne5 Nxe5 17. dxe5 Ng4 18. Nf3 f5 19. h3 Nh6 20. Ng5 Qe7 21. f4
Nf7 22. Nxf7 Qxf7 23. Qf2 Ba6 24. Ra5 Ra7 25. Rfa1 Rfa8 26. Qh4 h6 27. g4 Kf8
28. gxf5 exf5 29. Be2 Qe7 30. Qh5 Qf7 31. Qh4 Qe7 32. Qg3 Qf7 33. Kh2 Bc8 34.
Qh4 Be6 35. Rxa7 Rxa7 36. Qd8+ 1-0

[Event "C.to Provinciale MB"]
[Site "Ceriano Laghetto ITA"]
[Date "2015.02.03"]
[Round "3"]
[White "Zecca, Alberto"]
[Black "Origgio, Stefano"]
[WhiteElo "1389"]
[BlackElo "1693"]
[Result "0-1"]
[PlyCount "36"]
[EventDate "2015.01.20"]

1. d4 Nf6 2. Nf3 e6 3. Nc3 d5 4. e3 c5 5. a3 Nc6 6. h3 Bd6 7. Be2 O-O 8. Bd2
Ne4 9. O-O a6 10. Bd3 f5 11. dxc5 Bxc5 12. b4 Bd6 13. Na4 b5 14. Nb2 Qf6 15.
Qc1 Ne5 16. Be2 Nxf3+ 17. Bxf3 Nxd2 18. Qxd2 Qxb2 0-1

[Event "C.to Provinciale MB"]
[Site "Ceriano Laghetto ITA"]
[Date "2015.02.10"]
[Round "4"]
[White "Carugati, Mario"]
[Black "Canciani, Alberto"]
[WhiteElo "1389"]
[BlackElo "1624"]
[Result "0-1"]
[PlyCount "78"]
[EventDate "2015.01.20"]

1. e4 c5 2. Nf3 Nc6 3. c3 e6 4. d3 b6 5. Be2 Bb7 6. Be3 Qc7 7. Nbd2 Nf6 8. Ng5
h6 9. Ngf3 Be7 10. Qc1 Ng4 11. Nc4 Nxe3 12. Qxe3 b5 13. Ncd2 a5 14. d4 cxd4 15.
cxd4 Ba6 16. Rc1 Qb7 17. a3 a4 18. Bd1 O-O 19. h3 Rac8 20. Rb1 Na5 21. O-O b4
22. Re1 b3 23. Ne5 d6 24. Ng4 Qa7 25. Qg3 Kh7 26. Qe3 Nc4 27. Nxc4 Bxc4 28. Be2
d5 29. Bd3 Bxd3 30. Qxd3 dxe4 31. Rxe4 Kh8 32. Ne5 Bf6 33. Nc4 Rfd8 34. Rd1 Rd5
35. Ne5 Rc2 36. Ng6+ fxg6 37. Rxe6 Rxd4 38. Qf3 Rxd1+ 39. Qxd1 Qxf2+ 0-1

[Event "C.to Provinciale MB"]
[Site "Ceriano Laghetto ITA"]
[Date "2015.02.10"]
[Round "4"]
[White "Dalla Libera, Sergio"]
[Black "Cervini, Gian Piero"]
[WhiteElo "1589"]
[BlackElo "1782"]
[Result "1-0"]
[PlyCount "93"]
[EventDate "2015.01.20"]

1. e4 g6 2. d4 Bg7 3. Nf3 d6 4. Bc4 Nf6 5. e5 dxe5 6. Nxe5 O-O 7. O-O Nbd7 8.
c3 c5 9. Be3 Qc7 10. Bxf7+ Rxf7 11. Nxf7 Kxf7 12. Nd2 cxd4 13. Bxd4 Ne5 14. Re1
Neg4 15. Nf3 Bf5 16. h3 Nh6 17. Qb3+ Kf8 18. Ng5 Qc6 19. Ne6+ Bxe6 20. Rxe6 Qd5
21. Rxf6+ Bxf6 22. Qxd5 Bxd4 23. Qxd4 Nf7 24. Re1 Rd8 25. Qxa7 Nd6 26. Qe3 Nf5
27. Qf4 Kg7 28. Qe5+ Kh6 29. g4 Nh4 30. Qe3+ g5 31. Qe6+ Ng6 32. Qb6 Rd3 33.
Rxe7 Rxh3 34. Re3 Rh4 35. Rg3 Kg7 36. Qxb7+ Kh6 37. Qb6 Kg7 38. a4 Nf4 39. Qc7+
Kf6 40. Qd6+ Kf7 41. Qe5 Kg6 42. b4 Nh3+ 43. Kf1 Nf4 44. a5 Rh1+ 45. Rg1 Rh2
46. Qe4+ Kh6 47. Rh1 1-0

[Event "C.to Provinciale MB"]
[Site "Ceriano Laghetto ITA"]
[Date "2015.02.10"]
[Round "4"]
[White "De Maio, Domenico"]
[Black "Squillante, Michele"]
[WhiteElo "1671"]
[BlackElo "1710"]
[Result "1/2-1/2"]
[PlyCount "117"]
[EventDate "2015.01.20"]

1. d4 Nf6 2. Nf3 g6 3. Nc3 d5 4. Bf4 c6 5. e3 Bg7 6. Be2 O-O 7. O-O Re8 8. Qd2
Nfd7 9. Bg3 e5 10. dxe5 Nxe5 11. Nxe5 Bxe5 12. Bxe5 Rxe5 13. Rad1 Qe8 14. Rfe1
Nd7 15. Qd4 Nf8 16. Qc5 b6 17. Qd6 Bb7 18. Qf6 Qe7 19. Qxe7 Rxe7 20. Bf3 Rae8
21. Kf1 f5 22. Be2 Kg7 23. h4 Ne6 24. b4 Rd8 25. Bd3 d4 26. exd4 Rxd4 27. g3
Rxb4 28. Re5 Rd4 29. Rde1 Kf6 30. R5e3 Rdd7 31. Bc4 Nc5 32. Rxe7 Rxe7 33. Rxe7
Kxe7 34. Bg8 h6 35. Ke2 Ne6 36. Ke3 Kf6 37. Ne2 c5 38. a3 a6 39. c3 b5 40. Nc1
c4 41. Ne2 a5 42. Nc1 Nd8 43. Kd4 Bc6 44. Kc5 Be8 45. Bd5 g5 46. hxg5+ hxg5 47.
Ne2 Ne6+ 48. Bxe6 Kxe6 49. Nd4+ Ke5 50. Nxb5 Bf7 51. Nd4 Ke4 52. Nc6 f4 53.
gxf4 gxf4 54. Nd4 Kd3 55. Kb5 Bh5 56. Kxa5 Kxc3 57. Nb5+ Kd3 58. Kb4 Be8 59.
Nd6 1/2-1/2

[Event "C.to Provinciale MB"]
[Site "Ceriano Laghetto ITA"]
[Date "2015.02.10"]
[Round "4"]
[White "Lapiccirella, Daniele"]
[Black "Viale, Fabio"]
[WhiteElo "2228"]
[BlackElo "1825"]
[Result "1-0"]
[PlyCount "47"]
[EventDate "2015.01.20"]

1. d4 Nf6 2. c4 e6 3. Nc3 Bb4 4. Nf3 b6 5. e3 Bb7 6. Bd3 Ne4 7. O-O f5 8. Ne2
O-O 9. a3 Be7 10. b4 g5 11. Bb2 Bf6 12. Ng3 Qe8 13. Bxe4 fxe4 14. Nd2 d5 15.
Qg4 Bc8 16. Nh5 Qg6 17. Nxf6+ Qxf6 18. f3 Qg6 19. fxe4 h5 20. Rxf8+ Kxf8 21.
Rf1+ Kg7 22. Qg3 Na6 23. b5 h4 24. Qe5+ 1-0

[Event "C.to Provinciale MB"]
[Site "Ceriano Laghetto ITA"]
[Date "2015.02.10"]
[Round "4"]
[White "Modica, Antonino"]
[Black "Rigo, Luigi"]
[WhiteElo "1464"]
[BlackElo "1506"]
[Result "1/2-1/2"]
[PlyCount "44"]
[EventDate "2015.01.20"]

1. f4 d5 2. Nf3 e6 3. e3 Nf6 4. b3 Be7 5. Bb2 b6 6. d4 Ba6 7. c4 c5 8. Nbd2 Nc6
9. Be2 Ng4 10. Nf1 Nf6 11. Ne5 Bb7 12. Ng3 Nd7 13. O-O O-O 14. Bd3 f5 15. Qe1
Bh4 16. Qc3 Bxg3 17. hxg3 Ncxe5 18. fxe5 Qg5 19. Qe1 Rf7 20. Bc1 Raf8 21. Rf4
Rc8 22. Rh4 Nf8 1/2-1/2